<?xml version="1.0" encoding="UTF-8"?>
<collection xmlns="http://www.loc.gov/MARC21/slim">
    <record>
        <controlfield tag="001">61937</controlfield>
        <controlfield tag="005">20200221144220.0</controlfield>
        <datafield tag="024" ind1="7" ind2=" ">
            <subfield code="2">doi</subfield>
            <subfield code="a">10.1007/s11069-016-2533-4</subfield>
        </datafield>
        <datafield tag="024" ind1="8" ind2=" ">
            <subfield code="2">sideral</subfield>
            <subfield code="a">96374</subfield>
        </datafield>
        <datafield tag="037" ind1=" " ind2=" ">
            <subfield code="a">ART-2016-96374</subfield>
        </datafield>
        <datafield tag="041" ind1=" " ind2=" ">
            <subfield code="a">eng</subfield>
        </datafield>
        <datafield tag="100" ind1=" " ind2=" ">
            <subfield code="0">(orcid)0000-0002-0477-0796</subfield>
            <subfield code="a">Rodrigues Mimbrero, Marcos</subfield>
            <subfield code="u">Universidad de Zaragoza</subfield>
        </datafield>
        <datafield tag="245" ind1=" " ind2=" ">
            <subfield code="a">Analysis of recent spatial–temporal evolution of human driving factors of wildfires in Spain</subfield>
        </datafield>
        <datafield tag="260" ind1=" " ind2=" ">
            <subfield code="c">2016</subfield>
        </datafield>
        <datafield tag="506" ind1="0" ind2=" ">
            <subfield code="a">Access copy available to the general public</subfield>
            <subfield code="f">Unrestricted</subfield>
        </datafield>
        <datafield tag="520" ind1="3" ind2=" ">
            <subfield code="a">Fire regimes are strongly dependent on human activities. Understanding the relative influence of human factors on wildfire is an important ongoing task especially in human-dominated landscapes such as the Mediterranean, where anthropogenic ignitions greatly surpass natural ignitions and human activities are modifying historical fire regimes. Most human drivers of wildfires have a temporal dimension, far beyond the appearance of change, and it is for this reason that we require an historical/temporal analytical perspective coupled to the spatial dimension. In this paper, we investigate and analyze spatial–temporal changes in the contribution of major human factors influencing forest fire occurrence, using Spanish historical statistical fire data from 1988 to 2012. We hypothesize that the influence of socioeconomic drivers on wildfires has changed over this period. Our method is based on fitting yearly explanatory regression models—testing several scenarios of wildfire data aggregation—using logit and Poisson generalized linear models to determine the significance thresholds of the covariates. We then conduct a trend analysis using the Mann–Kendall test to calculate and analyze possible trends in the explanatory power of human driving factors of wildfires. Finally, Geographically Weighted Regression Models are explored to examine potential spatial–temporal patterns. Our results suggest that some of the explanatory factors of logistic models do vary over time and that new explanatory factors might be considered (such as arson-related variables or climate factors), since some of the traditional ones seem to be losing significance in the presence–absence models, opposite to fire frequency models. In particular, the wildland–agricultural interface and wildland–urban interface appear to be losing explanatory power regarding ignition probability, and protected areas are becoming less significant in fire frequency models. GWR models revealed that this temporal behavior is not stationary neither over space nor time.</subfield>
        </datafield>
        <datafield tag="536" ind1=" " ind2=" ">
            <subfield code="9">info:eu-repo/grantAgreement/ES/MEC/FPU13-06618</subfield>
        </datafield>
        <datafield tag="540" ind1=" " ind2=" ">
            <subfield code="9">info:eu-repo/semantics/openAccess</subfield>
            <subfield code="a">All rights reserved</subfield>
            <subfield code="u">http://www.europeana.eu/rights/rr-f/</subfield>
        </datafield>
        <datafield tag="590" ind1=" " ind2=" ">
            <subfield code="a">1.833</subfield>
            <subfield code="b">2016</subfield>
        </datafield>
        <datafield tag="591" ind1=" " ind2=" ">
            <subfield code="a">GEOSCIENCES, MULTIDISCIPLINARY</subfield>
            <subfield code="b">91 / 188 = 0.484</subfield>
            <subfield code="c">2016</subfield>
            <subfield code="d">Q2</subfield>
            <subfield code="e">T2</subfield>
        </datafield>
        <datafield tag="591" ind1=" " ind2=" ">
            <subfield code="a">WATER RESOURCES</subfield>
            <subfield code="b">33 / 88 = 0.375</subfield>
            <subfield code="c">2016</subfield>
            <subfield code="d">Q2</subfield>
            <subfield code="e">T2</subfield>
        </datafield>
        <datafield tag="591" ind1=" " ind2=" ">
            <subfield code="a">METEOROLOGY &amp; ATMOSPHERIC SCIENCES</subfield>
            <subfield code="b">42 / 84 = 0.5</subfield>
            <subfield code="c">2016</subfield>
            <subfield code="d">Q2</subfield>
            <subfield code="e">T2</subfield>
        </datafield>
        <datafield tag="592" ind1=" " ind2=" ">
            <subfield code="a">0.798</subfield>
            <subfield code="b">2016</subfield>
        </datafield>
        <datafield tag="593" ind1=" " ind2=" ">
            <subfield code="a">Earth and Planetary Sciences (miscellaneous)</subfield>
            <subfield code="c">2016</subfield>
            <subfield code="d">Q1</subfield>
        </datafield>
        <datafield tag="593" ind1=" " ind2=" ">
            <subfield code="a">Water Science and Technology</subfield>
            <subfield code="c">2016</subfield>
            <subfield code="d">Q1</subfield>
        </datafield>
        <datafield tag="593" ind1=" " ind2=" ">
            <subfield code="a">Atmospheric Science</subfield>
            <subfield code="c">2016</subfield>
            <subfield code="d">Q2</subfield>
        </datafield>
        <datafield tag="655" ind1=" " ind2="4">
            <subfield code="a">info:eu-repo/semantics/article</subfield>
            <subfield code="v">info:eu-repo/semantics/acceptedVersion</subfield>
        </datafield>
        <datafield tag="700" ind1=" " ind2=" ">
            <subfield code="0">(orcid)0000-0001-7397-1818</subfield>
            <subfield code="a">Jiménez-Ruano, Adrián</subfield>
            <subfield code="u">Universidad de Zaragoza</subfield>
        </datafield>
        <datafield tag="700" ind1=" " ind2=" ">
            <subfield code="0">(orcid)0000-0003-2615-270X</subfield>
            <subfield code="a">Riva Fernández, Juan de la</subfield>
            <subfield code="u">Universidad de Zaragoza</subfield>
        </datafield>
        <datafield tag="710" ind1="2" ind2=" ">
            <subfield code="1">3006</subfield>
            <subfield code="2">010</subfield>
            <subfield code="a">Universidad de Zaragoza</subfield>
            <subfield code="b">Dpto. Geograf. Ordenac.Territ.</subfield>
            <subfield code="c">Área Análisis Geográfico Regi.</subfield>
        </datafield>
        <datafield tag="773" ind1=" " ind2=" ">
            <subfield code="g">84, 3 (2016), [20 pp.]</subfield>
            <subfield code="p">Nat. hazards</subfield>
            <subfield code="t">NATURAL HAZARDS</subfield>
            <subfield code="x">0921-030X</subfield>
        </datafield>
        <datafield tag="856" ind1="4" ind2=" ">
            <subfield code="s">1409212</subfield>
            <subfield code="u">http://zaguan.unizar.es/record/61937/files/texto_completo.pdf</subfield>
            <subfield code="y">Postprint</subfield>
        </datafield>
        <datafield tag="856" ind1="4" ind2=" ">
            <subfield code="s">72915</subfield>
            <subfield code="u">http://zaguan.unizar.es/record/61937/files/texto_completo.jpg?subformat=icon</subfield>
            <subfield code="x">icon</subfield>
            <subfield code="y">Postprint</subfield>
        </datafield>
        <datafield tag="909" ind1="C" ind2="O">
            <subfield code="o">oai:zaguan.unizar.es:61937</subfield>
            <subfield code="p">articulos</subfield>
            <subfield code="p">driver</subfield>
        </datafield>
        <datafield tag="951" ind1=" " ind2=" ">
            <subfield code="a">2020-02-21-13:14:19</subfield>
        </datafield>
        <datafield tag="980" ind1=" " ind2=" ">
            <subfield code="a">ARTICLE</subfield>
        </datafield>
    </record>

    
</collection>